000 01310nam a2200229Ia 4500
999 _c52930
_d52930
001 19960
003 GE_BSU
005 20190625204822.0
008 181216s1964||||ge |||||||||||||| ||geo||
041 _ageo
080 _a81'374.3=353.1 ქ-27
245 _aქართული ენის განმარტებითი ლექსიკონი. ტ . 8 : ჩ, ც, ძ, წ, ჭ, ხ, ჯ, ჰ /
_cმთ. რედ : . გ . ახვლედიანი ; [და სხვ.]. რედ : ივ. გიგინეიშვილი ; ბიძ. ფოჩხუა.
264 _aთბილისი :
_bმეცნიერება,
_c1964.
300 _a1652 გვ. :
_c28 სმ.
546 _aპარალ. სათ. რუს. ენ.
653 _aქართული ენა
653 _aქართული ენის განმარტებითი ლექსიკონი. ტ . 8 : ჩ, ც, ძ, წ, ჭ, ხ, ჯ, ჰ
700 _aახვლედიანი, გ [და სხვ.]
_eმთავარი რედაქცია
_92910
700 _aგიგინეიშვილი, ივ
_eრედაქტორი
_92929
700 _aფოჩხუა, ბიძ.
_eრედაქტორი
_92930
942 _cBK
_2udc